| 000 | 01172cas a22003497a 4500 | ||
|---|---|---|---|
| 005 | 20220329142319.0 | ||
| 008 | 000613u1942 mx br pernn 0 b1spa d | ||
| 010 | _a81536 | ||
| 011 | _a82508 | ||
| 022 | _a0185-156X | ||
| 035 | _a93005 | ||
| 245 | 0 | 0 |
_aCuadernos Americanos _c/por Universidad Nacional Autónoma de México |
| 260 | 0 |
_aMéxico, D. F. : _bUniversidad Nacional Autónoma de México, _c1942- |
|
| 300 | _av. | ||
| 310 | _aBimestral | ||
| 362 | _av.6 n.42, 1993 | ||
| 500 | _aSe dejó de recibir a partir del v. 7 n.42 de 1993. | ||
| 590 |
_aBATCH-UPD _b10 _c20130110 _lUCH01 _h2343 |
||
| 590 |
_aBATCH-UPD _b10 _c20130410 _lUCH01 _h1631 |
||
| 590 |
_aBATCH-UPD _b10 _c20130914 _lUCH01 _h2029 |
||
| 590 |
_aCONVERSION _b10 _c20130109 _lUCH01 _h1345 |
||
| 650 | 4 |
_aSociología _xPublicaciones periódicas. _9108207 |
|
| 866 | _av.1 n.1-v.7 n.42 (1987-1993) | ||
| 866 | _av.19 n.4 (1960) | ||
| 866 | _av.20 n.1-5 (1961) | ||
| 866 | _av.21 n.1-6 (1962) | ||
| 866 | _av.22 n.1-3,6 (1963) | ||
| 866 | _av.23 n.1-v.45 n.3 (1964-1985) | ||
| 866 | _av.5 n.1 (1946) | ||
| 901 | _aSE | ||
| 905 | _aLilia Sánchez G. | ||
| 999 |
_c81536 _d81536 |
||